Ecuaciones diferenciales con problemas de valores en la frontera /
Contenido: Introducción; Ecuaciones de primer orden; Métodos numéricos; Aplicaciones de las ecuaciones de primer orden; Ecuaciones lineales de segundo orden; Aplicaciones de las ecuaciones lineales de segundo orden; Soluciones de ecuaciones lineales de segundo orden en serie de potencias; Transforma...
-д хадгалсан:
| Үндсэн зохиолч: | |
|---|---|
| Формат: | Ном |
| Хэл сонгох: | испани |
| Хэвлэсэн: |
México :
Thomson,
2002, c2002
|
| Нөхцлүүд: | |
| Шошгууд: |
Шошго байхгүй, Энэхүү баримтыг шошголох эхний хүн болох!
|
MARC
| LEADER | 00000nam^a2200000^a^4500 | ||
|---|---|---|---|
| 001 | 000152733 | ||
| 005 | 20250521000000.0 | ||
| 009 | 20260310100255.365 | ||
| 020 | |a 970-686-119-X | ||
| 037 | |a Acervo ITESO - Biblioteca | ||
| 041 | |a ESP | ||
| 082 | |a 515. 35 |b TRE | ||
| 100 | |a Trench, William F. |e (autor) | ||
| 245 | 1 | 0 | |a Ecuaciones diferenciales con problemas de valores en la frontera / |c W.F. Trench ; tr. por José de la Cera. |
| 264 | 4 | |a México : |b Thomson, |c 2002, c2002 | |
| 300 | |a XV, 736 p. | ||
| 336 | |a texto |b txt |2 rdacontenido | ||
| 337 | |a sin mediación |b n |2 rdamedio | ||
| 338 | |a volumen |b nc |2 rdasoporte | ||
| 500 | |a Traducción de: Elementary Differential Equations with Boundary Value Problems | ||
| 520 | |a Contenido: Introducción; Ecuaciones de primer orden; Métodos numéricos; Aplicaciones de las ecuaciones de primer orden; Ecuaciones lineales de segundo orden; Aplicaciones de las ecuaciones lineales de segundo orden; Soluciones de ecuaciones lineales de segundo orden en serie de potencias; Transformadas de Laplace; Ecuaciones lineales de orden superior; Sistemas lineales de ecuaciones diferenciales; Problemas con valor en la frontera y desarrollos de Fourier; Soluciones de Fourier para ecuaciones diferenciales parciales; Problemas con valor en la frontera para ecuaciones diferenciales ordinarias de segundo orden. | ||
| 649 | |a XX | ||
| 650 | |a Problemas con Valores de Frontera | ||
| 650 | |a Transformaciones de Laplace | ||
| 650 | |a Transformaciones (Matemáticas) | ||
| 650 | |a Series de Potencia | ||
| 650 | |a Series de Fourier | ||
| 650 | |a Series (Matemáticas) | ||
| 650 | |a Ecuaciones Diferenciales Parciales | ||
| 650 | |a Ecuaciones Diferenciales | ||
| 650 | |a Ecuaciones Lineales | ||
| 650 | |a Ecuaciones | ||
| 650 | |a Análisis Matemático | ||
| 650 | |a Cálculo | ||
| 650 | |a Matemáticas | ||
| 910 | |a Fondo General | ||
| 920 | |a Impresos - Libros | ||
| 930 | |a Colección General | ||
| 905 | |a 101 | ||
| 901 | |a 0500081979 |b IT1 |c ACC |u 20250521 | ||
| 902 | |a https://opac.biblio.iteso.mx/vufind/Record/000152733 | ||